Digitálne dvojča
Enregistré dans:
| Auteur principal: | |
|---|---|
| Autres auteurs: | |
| Format: | Manuscrit Livre |
| Langue: | slovaque |
| Publié: |
2024
|
| Sujets: | |
| Accès en ligne: | http://is.stuba.sk/zp/portal_zp.pl?podrobnosti_zp=99176 |
| Tags: |
Pas de tags, Soyez le premier à ajouter un tag!
|
MARC
| LEADER | 00000ntm a22000003a 4500 | ||
|---|---|---|---|
| 001 | stuzp99176 | ||
| 003 | SK-STU | ||
| 005 | 20240601210510.9 | ||
| 007 | ta | ||
| 008 | 150427s2015----xo-----f-mn---000-0-slo-d | ||
| 040 | |a STU |b slo | ||
| 041 | 0 | |a slo | |
| 100 | 1 | |a Šoltés, Lukáš |u 070400 |k Z1 |4 aut |U FIIT Fakulta informatiky a informačných technológií |T FIIT Ústav počítačového inžinierstva a aplikovanej informatiky |X 41382 |U I400 |Y 672 |7 A000041382 | |
| 242 | 0 | 1 | |a digital twin |y eng |
| 245 | 1 | 0 | |a Digitálne dvojča |
| 260 | |c 2024 | ||
| 650 | 4 | |a modelovanie |2 slo | |
| 650 | 4 | |a simulácia |2 slo | |
| 650 | 4 | |a digitálne dvojča |2 slo | |
| 650 | 4 | |a model |2 slo | |
| 650 | 4 | |a modeling |2 eng | |
| 650 | 4 | |a simulation |2 eng | |
| 650 | 4 | |a digital twin |2 eng | |
| 650 | 4 | |a model |2 eng | |
| 700 | 1 | |a , |4 ths |X null |7 null | |
| 856 | 4 | |u http://is.stuba.sk/zp/portal_zp.pl?podrobnosti_zp=99176 | |